ARE YOU A REAL ENHYPEN FAN? - Statistics

General Stats
  • This quiz has been taken 653 times
  • The average score is 13 of 15
Answer Stats
Question Answer % Correct
How many members are in enhypen? 7
98%
What TV show formed enhypen? I-LAND
97%
Which member is Japanese? niki
97%
Who's enhypen's leader? jungwon
96%
Who is the eldest member? heesung
95%
Who used to be a figure skater? sunghoon
95%
What's enhypens fandom name? engene
94%
What's the name of their debut EP? Border: day one
90%
What year did enhypen form? 2020
89%
What does enhypens name stand for? connection, discovery, and growth
87%
Which member nearly debuted in TXT? Heesung
87%
One of these facts is NOT true... can you guess which one? jay was born in Canada
83%
What's enhypen's first full album? Dimension: Dilema
73%
What day was enhypens debut date? November 30
73%
Which member is allergic to cats? jay
40%
No matching quizzes found
Score Distribution
Percent of People with Each Score
Percentile by Number Answered
Your Score History
You have not taken this quiz